Islam and socialism: (Record no. 20210)

MARC details
000 -LEADER
fixed length control field 00871cam a22002771 4500
001 - CONTROL NUMBER
control field 6485740
003 - CONTROL NUMBER IDENTIFIER
control field BDDh-ASL
005 - DATE AND TIME OF LATEST TRANSACTION
control field 20231015025847.0
008 - FIXED-LENGTH DATA ELEMENTS--GENERAL INFORMATION
fixed length control field 780306s1947 pk 001 0 eng
010 ## - LIBRARY OF CONGRESS CONTROL NUMBER
LC control number 49027795
035 ## - SYSTEM CONTROL NUMBER
System control number (OCoLC)3688548
040 ## - CATALOGING SOURCE
Original cataloging agency DLC
Transcribing agency GU
Modifying agency GU
-- BDDh-ASL
-- OCoLC
-- DLC
050 00 - LIBRARY OF CONGRESS CALL NUMBER
Classification number HN40.M6
Item number H8
082 ## - DEWEY DECIMAL CLASSIFICATION NUMBER
Classification number 297
Item number HUI
100 1# - MAIN ENTRY--PERSONAL NAME
Personal name Hussain, Mirza Mohammad.
245 10 - TITLE STATEMENT
Title Islam and socialism:
Remainder of title critical analysis of capitalism, communism, socialism and nazism as contrasted with the Quranic conception of a new world order /
260 ## - PUBLICATION, DISTRIBUTION, ETC.
Place of publication, distribution, etc. Lahore:
Name of publisher, distributor, etc. M. Ashraf
Date of publication, distribution, etc. [c1947]
300 ## - PHYSICAL DESCRIPTION
Extent ix, 446 p.
Dimensions 25 cm.
650 #0 - SUBJECT ADDED ENTRY--TOPICAL TERM
Topical term or geographic name entry element Islamic sociology.
650 #0 - SUBJECT ADDED ENTRY--TOPICAL TERM
Topical term or geographic name entry element Capitalism.
650 #0 - SUBJECT ADDED ENTRY--TOPICAL TERM
Topical term or geographic name entry element Socialism.
650 #0 - SUBJECT ADDED ENTRY--TOPICAL TERM
Topical term or geographic name entry element Fascism.
650 #0 - SUBJECT ADDED ENTRY--TOPICAL TERM
Topical term or geographic name entry element National socialism and Islam.
906 ## - LOCAL DATA ELEMENT F, LDF (RLIN)
a 7
b cbc
c oclcrpl
d u
e ncip
f 19
g y-gencatlg
942 ## - ADDED ENTRY ELEMENTS (KOHA)
Source of classification or shelving scheme Dewey Decimal Classification
Koha item type Books
Holdings
Withdrawn status Lost status Source of classification or shelving scheme Damaged status Not for loan Collection code Home library Current library Shelving location Date acquired Source of acquisition Total Checkouts Full call number Barcode Date last seen Copy number Price effective from Koha item type Public note
    Dewey Decimal Classification   Not For Loan Non-fiction Asiatic Society Library Asiatic Society Library General Stacks 12/27/2020 ASB Collection   297 HUI 103619 12/27/2020 C-1 12/27/2020 Books RARE
    Dewey Decimal Classification   Not For Loan Non-fiction Asiatic Society Library Asiatic Society Library General Stacks 12/27/2020 ASB Collection   297 HUI 103624 12/27/2020 C-2 12/27/2020 Books RARE

Powered by Koha